00508nam a22001697a 4500003000400000008004100004082001700045100001500062245011700077260006700194300001000261502001700271650001700288650001100305650001100316650001100327OSt260430b |||||||| |||| 00| 0 eng d a633.84bA27S aAjay Kumar aStudies on Heterosis and Combining Ability in F1 and F2 Population in Chilli (capsicum annuum L.)cby Ajay Kumar a.- Sabour, Bhagalpurb: Bihar Agricultural College, RAUc,1992 a157p. bPh. D.d1992 aHorticulture aChilli aThesis aPh. D.